LEADER 00787nac0-22003011i-450- 001 990007027660403321 005 20020111 035 $a000702766 035 $aFED01000702766 035 $a(Aleph)000702766FED01 035 $a000702766 100 $a20020111d1944----km-y0itay50------ba 101 0 $aita 102 $aIT 105 $ay-------001yy 200 1 $aProblemi del dopoguerra$fCorrado Gini 210 $aRoma$cMigliaresi$d1944 215 $a87 p.$d24 cm 225 1 $a<>Problemi dell'ora$v2 676 $a303.485$v20$zita 700 1$aGini,$bCorrado$f<1884-1965> 801 0$aIT$bUNINA$gRICA$2UNIMARC 901 $aBK 912 $a990007027660403321 952 $aBUSTA 18[4] 1$bs.i.$fFGBC 952 $aBUSTA 39[3] 20$b25537$fFGBC 959 $aFGBC 997 $aUNINA LEADER 01413nam--2200397---450- 001 990003131240203316 005 20080723112004.0 010 $a978-88-7870-284-4 035 $a000313124 035 $aUSA01000313124 035 $a(ALEPH)000313124USA01 035 $a000313124 100 $a20080723d2008----km-y0itay50------ba 101 $aita 102 $aIT 105 $a||||||||001yy 200 1 $a<> libro invisibile$eforme della citazione nel Novecento$eatti del convegno di studi, Firenze, 25-26 ottobre 2001$fa cura di Adele Dei e Rita Guerricchio 210 $aRoma$cBulzoni$d2008 215 $a218 p.$d23 cm 225 2 $aStudi e testi$iSerie di filologia e letteratura$v23 300 $aIn testa al front.: Università degli Studi di Firenze, Dipartimento di Italianistica 410 0$12001$aStudi e testi$iSerie di filologia e letteratura 606 0 $aLetteratura italiana$zSec. 20.$xImpiego [di] Citazioni bibliografiche$xAtti di congressi$2BNCF 676 $a850.91 702 1$aDEI,$bAdele 702 1$aGUERRICCHIO,$bRita 801 0$aIT$bsalbc$gISBD 912 $a990003131240203316 951 $aVI.3.B. 3672$b184 L.G.$cVI.3.$d00164227 959 $aBK 969 $aUMA 979 $aGIUSY$b90$c20080723$lUSA01$h1117 979 $aGIUSY$b90$c20080723$lUSA01$h1118 979 $aGIUSY$b90$c20080723$lUSA01$h1120 996 $aLibro invisibile$91016986 997 $aUNISA LEADER 01185nam2-2200361li-450 001 990000181670203316 005 20180312154803.0 035 $a0018167 035 $aUSA010018167 035 $a(ALEPH)000018167USA01 035 $a0018167 100 $a20001109d1966----km-y0itay0103----ba 101 0 $aeng 102 $aUS 200 1 $aCalculus of variations and optimalcontrol theory$fMagnus R. Hestenes 210 $aNew York [etc.]$cJohn Wiley & sons$dcopyr. 1966 215 $aXII, 405 p.$d24 cm. 225 2 $aApplied mathematics series$v0 410 0$10010018168$12001$aApplied mathematics series$fedited by I. S. Sokolnikoff 610 1 $acalcolo delle variazioni 676 $a51564$9Calcolo delle variazioni 700 1$aHestenes,$bMagnus R.$01424 801 $aSistema bibliotecario di Ateneo dell' Università di Salerno$gRICA 912 $a990000181670203316 951 $a515.54 HES$b0001917 959 $aBK 969 $aSCI 979 $c19900426 979 $c20001110$lUSA01$h1713 979 $c20020403$lUSA01$h1626 979 $aPATRY$b90$c20040406$lUSA01$h1613 996 $aCalculus of variations and optimalcontrol theory$91500907 997 $aUNISA